000 01217nam a22003257a 4500
001 719
003 gttocutb
005 20250725192438.0
007 ta
008 250725b |||||||| l||| 001 0 spa d
020 _a97899296270204
040 _agttocutb
_bspa
_cgttocutb
_dgttocutb
_erda
082 _a346 B821:15
100 1 _aBrañas, Alfonso.
_eautor.
245 1 _aManual de derecho civil:
_bLibros i, II, III /
_cAlfonso Brañas, autor; Gustavo Lapola, editor.
_n(15a.)
264 1 _aGuatemala:
_bFenix
_c2016
300 _a529 páginas
_c21 cm
336 _2rdacontenido
_atexto
_btxt
337 _2rdamedio
_asin mediación
_bn
338 _2rdasoporte
_avolumen
_bnc
505 _gContenido:
505 _g1. Libro primero: Nociones generales, de las personas , de la familia --
505 _g2. Libro segundo: De los bienes, de las sucesiones --
505 _g2. LIbro tercero: de las obligaciones.
520 _aEdición actualizada: Legislación vigente, Notas del autor, Guías de estudio.
521 _aRecomendado para Docentes y estudiantes de Derecho.
650 1 4 _2LEMB
_aDerecho civil. Derecho público. Derecho privado.
700 _aGustavo Lapola,
_eEditor.
942 _2ddc
_cBK
_e15a.
_n0
999 _c719
_d719